[Event "Prague Golden Blitz op 19th"]
[Site "Prague"]
[Date "2024.06.27"]
[Round "5"]
[White "Krizek, Krystof"]
[Black "Legkostup, Maxim"]
[Result "1-0"]
[WhiteElo "1981"]
[BlackElo "1879"]
[PlyCount "67"]
[EventDate "2024.06.27"]
[EventType "swiss (blitz)"]
[EventRounds "11"]
[EventCountry "CZE"]
[SourceTitle "EXT 2025"]
[Source "ChessBase"]
[SourceDate "2024.10.14"]
[SourceVersion "1"]
[SourceVersionDate "2024.10.14"]
[SourceQuality "1"]

1. d4 Nf6 2. Nf3 d5 3. c3 c6 4. Qc2 Bg4 5. Ne5 Bh5 6. Bf4 Nbd7 7. e3 Nxe5 8. dxe5 Bg6 9. Qb3 Nd7 10. c4 Nc5 11. Qd1 Bxb1 12. Rxb1 e6 13. Be2 Be7 14. 0-0 Bg5 15. b4 Ne4 16. Qc2 Be7 17. cxd5 cxd5 18. Bb5+ Kf8 19. Rfc1 g5 20. Bg3 Nxg3 21. hxg3 Kg7 22. Qc7 a6 23. Be2 b5 24. Qb7 Re8 25. Rc7 h6 26. Rd7 Qc8 27. Rxe7 Rxe7 28. Qxe7 Qc2 29. Re1 Qd2 30. Kf1 Rc8 31. Bh5 Qd3+ 32. Kg1 Rf8 33. Qf6+ Kg8 34. Qxh6 1-0

[Event "Prague Golden Blitz op 19th"]
[Site "Prague"]
[Date "2024.06.27"]
[Round "1"]
[White "Lebl, Martin"]
[Black "Legkostup, Maxim"]
[Result "0-1"]
[WhiteElo "1591"]
[BlackElo "1879"]
[PlyCount "46"]
[EventDate "2024.06.27"]
[EventType "swiss (blitz)"]
[EventRounds "11"]
[EventCountry "CZE"]
[SourceTitle "EXT 2025"]
[Source "ChessBase"]
[SourceDate "2024.10.14"]
[SourceVersion "1"]
[SourceVersionDate "2024.10.14"]
[SourceQuality "1"]

1. e4 c5 2. Nf3 Nc6 3. d4 cxd4 4. Nxd4 g6 5. Nxc6 bxc6 6. Nc3 Bg7 7. Bd2 d6 8. g3 Nf6 9. Bg2 Bd7 10. 0-0 Rb8 11. Rb1 0-0 12. Be3 Qa5 13. Bd2 Qc7 14. Re1 Ng4 15. h3 Ne5 16. f4 Nc4 17. Qe2 Nxb2 18. e5 dxe5 19. fxe5 Be6 20. Bf3 Nc4 21. Rxb8 Rxb8 22. Bg4 Bxg4 23. Qxg4 Nxd2 0-1

[Event "Prague Golden Blitz op"]
[Site "Prague"]
[Date "2023.06.18"]
[Round "7"]
[White "Halousek, Jaroslav"]
[Black "Legkostup, Maxim"]
[Result "0-1"]
[WhiteElo "1647"]
[BlackElo "1716"]
[PlyCount "58"]
[EventDate "2023.06.18"]
[EventType "swiss (blitz)"]
[EventRounds "11"]
[EventCountry "CZE"]
[SourceTitle "CBM 215 Extra"]
[Source "ChessBase"]
[SourceDate "2023.09.30"]
[SourceVersion "1"]
[SourceVersionDate "2023.09.30"]
[SourceQuality "1"]

1. Nf3 Nf6 2. g3 d5 3. Bg2 Nbd7 4. d4 e6 5. 0-0 c5 6. c4 dxc4 7. dxc5 Bxc5 8. Nbd2 Nb6 9. Ne5 0-0 10. Ndxc4 Qc7 11. Bf4 Nxc4 12. Nxc4 Bxf2+ 13. Rxf2 Qxc4 14. Rc1 Qxa2 15. Qd4 Nd5 16. e4 Nxf4 17. gxf4 Qa5 18. Kh1 Rd8 19. Qe3 Qb6 20. Qg3 Qd6 21. e5 Qd3 22. Rf3 Qg6 23. Qh3 Bd7 24. Rg3 Qf5 25. Qh4 Bc6 26. Bxc6 bxc6 27. Rg5 Qe4+ 28. Kg1 Qe3+ 29. Qf2 Qxc1+ 0-1

[Event "Prague Golden Blitz op"]
[Site "Prague"]
[Date "2023.06.18"]
[Round "9"]
[White "Legkostup, Maxim"]
[Black "Pribyl, Josef"]
[Result "0-1"]
[WhiteElo "1716"]
[BlackElo "2110"]
[PlyCount "68"]
[EventDate "2023.06.18"]
[EventType "swiss (blitz)"]
[EventRounds "11"]
[EventCountry "CZE"]
[SourceTitle "CBM 215 Extra"]
[Source "ChessBase"]
[SourceDate "2023.09.30"]
[SourceVersion "1"]
[SourceVersionDate "2023.09.30"]
[SourceQuality "1"]

1. Nf3 d5 2. d4 Nf6 3. Bf4 g6 4. e3 Bg7 5. h3 c5 6. c3 Qb6 7. Qc1 Nc6 8. Nbd2 0-0 9. Bd3 Bf5 10. Bxf5 gxf5 11. Ne5 Rac8 12. dxc5 Qxc5 13. Nb3 Qb6 14. Nd4 e6 15. Ndxc6 bxc6 16. 0-0 c5 17. Rb1 Ne4 18. Nd7 Qa6 19. Nxf8 Rxf8 20. a3 c4 21. f3 Nc5 22. e4 Nd3 23. Qd2 fxe4 24. Bh6 Qb6+ 25. Kh1 f5 26. Bxg7 Kxg7 27. fxe4 dxe4 28. Qg5+ Kh8 29. Kh2 Qc7+ 30. Qg3 f4 31. Qh4 f3+ 32. Kg1 f2+ 33. Kh1 Qf4 34. Qh5 e3 0-1

[Event "Prague Golden Rapid op"]
[Site "Prague"]
[Date "2023.06.17"]
[Round "2"]
[White "Schmid, Jaroslav"]
[Black "Legkostup, Maxim"]
[Result "1-0"]
[WhiteElo "1995"]
[BlackElo "1716"]
[PlyCount "47"]
[EventDate "2023.06.17"]
[EventType "swiss (rapid)"]
[EventRounds "9"]
[EventCountry "CZE"]
[SourceTitle "CBM 215 Extra"]
[Source "ChessBase"]
[SourceDate "2023.09.30"]
[SourceVersion "1"]
[SourceVersionDate "2023.09.30"]
[SourceQuality "1"]

1. e4 Nc6 2. d4 d5 3. exd5 Qxd5 4. Nf3 Bg4 5. Be2 0-0-0 6. c3 f6 7. 0-0 h5 8. Nbd2 g5 9. b4 e5 10. dxe5 Nxe5 11. Nxe5 Qxe5 12. Bxg4+ hxg4 13. Qxg4+ f5 14. Qg3 f4 15. Qf3 Bxb4 16. Rb1 Qxc3 17. Qg4+ Kb8 18. Bb2 Qc6 19. Bxh8 Bxd2 20. Qxg5 Re8 21. Rfd1 Qe4 22. Bc3 Qxb1 23. Rxb1 Bxc3 24. Qb5 1-0

[Event "Prague Menchik Memorial Rapid"]
[Site "Prague"]
[Date "2021.09.28"]
[Round "6"]
[White "Kotal, Vaclav"]
[Black "Legkostup, Maxim"]
[Result "1-0"]
[WhiteElo "2150"]
[BlackElo "1850"]
[PlyCount "35"]
[EventDate "2021.09.28"]
[EventType "swiss (rapid)"]
[EventRounds "9"]
[EventCountry "CZE"]
[SourceTitle "CBM 204 Extra"]
[Source "ChessBase"]
[SourceDate "2021.11.30"]
[SourceVersion "1"]
[SourceVersionDate "2021.11.30"]
[SourceQuality "1"]

1. d4 d5 2. Bf4 Nf6 3. e3 e6 4. Bd3 Bd6 5. Bg3 c5 6. c3 Nc6 7. Nf3 Ne4 8. Nbd2 Nxg3 9. hxg3 h6 10. Qe2 c4 11. Bc2 Qb6 12. Rb1 f5 13. Nh4 Ne7 14. Qh5+ Kd7 15. g4 f4 16. e4 g6 17. Nxg6 Nxg6 18. Qxg6 1-0